Normal view
MARC view
- Maglajos, Domingo Jr. M.
Entry Personal Name
001 - CONTROL NUMBER
- control field: 36848
003 - CONTROL NUMBER IDENTIFIER
- control field: OSt
005 - DATE AND TIME OF LATEST TRANSACTION
- control field: 20190209153849.0
008 - FIXED-LENGTH DATA ELEMENTS
- fixed length control field: 190209|| aca||aabn | a|a d
040 ## - CATALOGING SOURCE
- Original cataloging agency: OSt
- Transcribing agency: OSt
100 ## - HEADING--PERSONAL NAME
- Personal name: Maglajos, Domingo Jr. M.
670 ## - SOURCE DATA FOUND
- Source citation: Work cat.: (OSt): Maglajos, Domingo Jr. M., Incidents of riots in the Municipality of Sulop Davao Del Sur in the year 2017 /, Novemeber 2018.
